| 000 | 01145nam a22003970a 4500 | ||
|---|---|---|---|
| 001 | PT56451 | ||
| 003 | AR-LpoUNG | ||
| 005 | 20260131014315.0 | ||
| 008 | 201001s2014||||ag |||||||||||||||||spa d | ||
| 020 |
_a9789876301749 _c$1,80 |
||
| 040 |
_aAR-LpoUNG _bspa _eaacr |
||
| 041 | _aspa | ||
| 044 | _aag | ||
| 082 | 0 | _a334.01 787eco | |
| 100 | 1 |
_aCoraggio, José Luis _eorg. _93 |
|
| 245 | 1 | 3 |
_aLa economía social desde la periferia : _bcontribuciones latinoamericanas |
| 250 | _a1ra. ed. | ||
| 260 |
_aLos Polvorines : _bUniversidad Nacional de General Sarmiento, _c2014. |
||
| 300 |
_a413 p. : _bgráfs. |
||
| 490 | 0 | _aLecturas de economía social | |
| 650 | 4 | _aAMERICA LATINA | |
| 650 | 4 | _aANALISIS HISTORICO | |
| 650 | 4 | _aCAPACIDAD DE PRODUCCION | |
| 650 | 4 | _aCAPITALISMO | |
| 650 | 4 | _aCOOPERATIVAS DE PRODUCCION | |
| 650 | 4 | _aDISTRIBUCION DE LA RIQUEZA | |
| 650 | 4 | _aECONOMIA | |
| 650 | 4 | _aFACTORES DE PRODUCCION | |
| 650 | 4 | _aPENSAMIENTO ECONOMICO | |
| 650 | 4 | _aSOCIALISMO | |
| 650 | 4 | _aTEORIA ECONOMICA | |
| 653 | 0 | _aECONOMIA SOCIAL | |
| 653 | 0 | _aECONOMIA SOLIDARIA | |
| 905 | _a56451 | ||
| 942 |
_cLIB _2ddc |
||
| 999 |
_c51374 _d51374 |
||